[Event "Moscow Open A,B"]
[Site "?"]
[Date "2017.02.05"]
[Round "9.14"]
[White "Sviridov, Valery"]
[Black "Sychev, Klementy"]
[Result "1/2-1/2"]
[BlackElo "2449"]
[WhiteElo "2515"]
[LiveChessVersion "1.4.8"]

1. g3 {[%clk 1:30:47]} c5 {[%clk 1:28:25]} 2. Bg2 {[%clk 1:31:01]} Nc6
{[%clk 1:28:51]} 3. Nf3 {[%clk 1:30:45]} g6 {[%clk 1:29:06]} 4. O-O
{[%clk 1:30:20]} Bg7 {[%clk 1:29:27]} 5. c4 {[%clk 1:30:33]} d6 {[%clk 1:29:51]}
6. Nc3 {[%clk 1:30:48]} Bf5 {[%clk 1:30:13]} 7. d3 {[%clk 1:22:55]} Qd7
{[%clk 1:30:36]} 8. Re1 {[%clk 1:17:21]} Bh3 {[%clk 1:29:36]} 9. Bh1
{[%clk 1:15:30]} h6 {[%clk 1:30:00]} 10. Rb1 {[%clk 1:14:50]} Nf6
{[%clk 1:29:34]} 11. a3 {[%clk 1:15:05]} Ng4 {[%clk 1:28:34]} 12. Nd5
{[%clk 1:13:58]} e5 {[%clk 1:20:57]} 13. b4 {[%clk 1:11:25]} O-O {[%clk 1:20:30]}
14. Qa4 {[%clk 1:02:25]} Rac8 {[%clk 1:07:24]} 15. Nd2 {[%clk 0:51:55]} b6
{[%clk 1:04:05]} 16. f3 {[%clk 0:50:39]} Nf6 {[%clk 0:58:02]} 17. Nxf6+
{[%clk 0:50:53]} Bxf6 {[%clk 0:58:22]} 18. Ne4 {[%clk 0:51:08]} Bg7
{[%clk 0:55:44]} 19. Bg2 {[%clk 0:50:52]} Bxg2 {[%clk 0:55:23]} 20. Kxg2
{[%clk 0:51:17]} f5 {[%clk 0:54:01]} 21. Nc3 {[%clk 0:51:28]} g5 {[%clk 0:50:57]}
22. Bd2 {[%clk 0:50:39]} Rf7 {[%clk 0:48:03]} 23. Rh1 {[%clk 0:44:11]} Qe6
{[%clk 0:38:47]} 24. Nd5 {[%clk 0:39:14]} g4 {[%clk 0:27:03]} 25. fxg4
{[%clk 0:28:49]} f4 {[%clk 0:26:48]} 26. h3 {[%clk 0:28:09]} Nd4 {[%clk 0:21:27]}
27. gxf4 {[%clk 0:25:44]} exf4 {[%clk 0:21:44]} 28. Rbe1 {[%clk 0:26:06]} Nxe2
{[%clk 0:17:49]} 29. Rhf1 {[%clk 0:26:13]} h5 {[%clk 0:14:30]} 30. Qd1
{[%clk 0:25:26]} hxg4 {[%clk 0:13:19]} 31. Nxf4 {[%clk 0:25:42]} Nxf4+
{[%clk 0:11:46]} 32. Rxf4 {[%clk 0:21:33]} gxh3+ {[%clk 0:12:10]} 33. Kh1
{[%clk 0:21:28]} Qd7 {[%clk 0:10:40]} 34. Rxf7 {[%clk 0:21:32]} Qxf7
{[%clk 0:11:04]} 35. Rg1 {[%clk 0:21:24]} Rc7 {[%clk 0:02:32]} 36. Bc3
{[%clk 0:20:58]} Qf5 {[%clk 0:02:19]} 37. Qe2 {[%clk 0:14:42]} Rf7
{[%clk 0:01:52]} 38. Kh2 {[%clk 0:14:30]} Qf4+ {[%clk 0:01:37]} 39. Rg3
{[%clk 0:14:27]} Kf8 {[%clk 0:01:34]} 40. Bxg7+ {[%clk 0:44:01]} Rxg7
{[%clk 0:31:58]} 41. Qf3 {[%clk 0:44:18]} Qxf3 {[%clk 0:29:59]} 42. Rxf3+
{[%clk 0:41:58]} Ke7 {[%clk 0:29:36]} 43. Rxh3 {[%clk 0:42:20]} Ke6
{[%clk 0:27:27]} 44. Rh5 {[%clk 0:40:00]} Rg4 {[%clk 0:15:48]} 45. bxc5
{[%clk 0:39:10]} dxc5 {[%clk 0:13:13]} 46. Rd5 {[%clk 0:39:05]} Rg7
{[%clk 0:11:37]} 47. a4 {[%clk 0:38:39]} Rd7 {[%clk 0:10:02]} 48. Rxd7
{[%clk 0:38:59]} Kxd7 {[%clk 0:10:25]} 49. Kg3 {[%clk 0:39:24]} Kc6
{[%clk 0:07:16]} 50. Kf4 {[%clk 0:39:39]} Kb7 {[%clk 0:07:27]} 51. Ke5
{[%clk 0:39:58]} Ka6 {[%clk 0:07:21]} 52. d4 {[%clk 0:40:20]} cxd4
{[%clk 0:07:43]} 53. Kxd4 {[%clk 0:40:44]} Ka5 {[%clk 0:08:11]} 54. c5
{[%clk 0:41:06]} bxc5+ {[%clk 0:08:37]} 55. Kxc5 {[%clk 0:41:31]} 1/2-1/2

[Event "Moscow Open A,B"]
[Site "?"]
[Date "2017.02.05"]
[Round "9.15"]
[White "Faizrakhmanov, Ramil"]
[Black "Tran, Tuan Minh"]
[Result "1/2-1/2"]
[BlackElo "2478"]
[WhiteElo "2432"]
[LiveChessVersion "1.4.8"]

1. d4 {[%clk 1:17:59]} Nf6 {[%clk 1:30:02]} 2. c4 {[%clk 1:18:08]} e6
{[%clk 1:30:29]} 3. Nf3 {[%clk 1:18:10]} b6 {[%clk 1:30:54]} 4. g3
{[%clk 1:17:41]} Ba6 {[%clk 1:31:17]} 5. b3 {[%clk 1:17:02]} Bb4+
{[%clk 1:31:27]} 6. Bd2 {[%clk 1:17:12]} Be7 {[%clk 1:31:52]} 7. Bg2
{[%clk 1:16:53]} c6 {[%clk 1:32:19]} 8. Bc3 {[%clk 1:15:19]} O-O {[%clk 1:32:42]}
9. Nbd2 {[%clk 1:14:52]} d5 {[%clk 1:33:09]} 10. O-O {[%clk 1:10:35]} Nbd7
{[%clk 1:33:35]} 11. Re1 {[%clk 1:08:29]} Rc8 {[%clk 1:30:39]} 12. e4
{[%clk 1:02:49]} Bb7 {[%clk 1:26:30]} 13. e5 {[%clk 0:55:29]} Ne8
{[%clk 1:26:53]} 14. h4 {[%clk 0:55:18]} c5 {[%clk 1:23:48]} 15. cxd5
{[%clk 0:39:30]} Bxd5 {[%clk 1:24:11]} 16. Ne4 {[%clk 0:39:40]} Nc7
{[%clk 1:08:25]} 17. Qe2 {[%clk 0:38:58]} a6 {[%clk 1:06:02]} 18. dxc5
{[%clk 0:34:18]} Nb5 {[%clk 1:01:39]} 19. Bb2 {[%clk 0:33:33]} Nxc5
{[%clk 0:50:16]} 20. Nxc5 {[%clk 0:33:45]} Rxc5 {[%clk 0:50:43]} 21. a4
{[%clk 0:30:13]} Bxf3 {[%clk 0:32:13]} 22. Bxf3 {[%clk 0:30:24]} Nd4
{[%clk 0:32:12]} 23. Bxd4 {[%clk 0:30:07]} Qxd4 {[%clk 0:32:40]} 24. Rad1
{[%clk 0:28:07]} Qb4 {[%clk 0:32:42]} 25. Qxa6 {[%clk 0:26:47]} Rc3
{[%clk 0:25:26]} 26. Kg2 {[%clk 0:24:36]} Qxb3 {[%clk 0:20:54]} 27. Rb1
{[%clk 0:23:37]} Qa3 {[%clk 0:19:42]} 28. Ra1 {[%clk 0:23:50]} Qc5
{[%clk 0:15:42]} 29. Qb5 {[%clk 0:23:39]} Rc2 {[%clk 0:12:51]} 30. Qxc5
{[%clk 0:23:23]} Bxc5 {[%clk 0:13:17]} 31. Re2 {[%clk 0:23:47]} Rxe2
{[%clk 0:13:35]} 32. Bxe2 {[%clk 0:24:12]} Bd4 {[%clk 0:13:35]} 33. Rb1
{[%clk 0:23:28]} Ra8 {[%clk 0:13:54]} 34. Bd1 {[%clk 0:22:02]} g6
{[%clk 0:12:33]} 35. f4 {[%clk 0:22:15]} Rc8 {[%clk 0:12:58]} 36. Rb3
{[%clk 0:19:17]} h5 {[%clk 0:11:10]} 37. Rb4 {[%clk 0:15:30]} Bc5
{[%clk 0:10:26]} 38. Rb5 {[%clk 0:13:19]} Rd8 {[%clk 0:05:15]} 39. a5
{[%clk 0:12:55]} Rd2+ {[%clk 0:01:23]} 40. Kf3 {[%clk 0:43:04]} Rxd1
{[%clk 0:30:51]} 41. axb6 {[%clk 0:43:29]} Rd3+ {[%clk 0:30:34]} 42. Kg2
{[%clk 0:41:47]} Rd2+ {[%clk 0:30:56]} 1/2-1/2